| 000 | 00506nam a22001937a 4500 | ||
|---|---|---|---|
| 005 | 20231205102113.0 | ||
| 008 | 231205b |||||||| |||| 00| 0 eng d | ||
| 020 | _a0-13-554478-5 | ||
| 082 |
_a658.15 _bDOU |
||
| 100 | _aDouglas ,J. Evan | ||
| 245 |
_aManagerial Economics _bAnalysis and Strategy _hEnglish |
||
| 250 | _a4th ed. | ||
| 260 |
_aUSA _bPrentice-Hall _c1992 |
||
| 300 |
_a655 _bxxix |
||
| 490 | _aIncludes Index | ||
| 650 | _aTechnology/Management | ||
| 700 | _aCallan, Scott | ||
| 999 |
_c34758 _d34758 |
||